[Event "WYCC U16g"]
[Site "Porto Carras"]
[Date "2015.11.02"]
[Round "8"]
[White "Zhou, Qiyu"]
[Black "Avramidou, Anastasia"]
[Result "1/2-1/2"]
[WhiteElo "2328"]
[BlackElo "2249"]
[Annotator "Qiyu Zhou"]
[PlyCount "130"]
[EventDate "2015.10.26"]
[EventType "swiss"]
[EventRounds "11"]
[EventCountry "GRE"]
[SourceTitle "Chess Canada - Ketchup 1"]
[SourceDate "2017.03.23"]

{This game was a turning point in the tournament for me, as everything went
downhill after this round.} 1. d4 e6 2. Nf3 b6 3. e3 ({Better was} 3. e4 {
(just to gain more space)} Bb7 4. Bd3 c5 (4... Nf6 5. Qe2 {with a generally
nice position overall.}) 5. c3 cxd4 6. cxd4 Nf6 7. Qe2 Bb4+ 8. Nc3 d5 9. e5 Ne4
10. O-O Nxc3 11. bxc3 Bxc3 12. Rb1 (12. Ba3 $2 Bxa1 13. Bb5+ Bc6 $19) 12... Nc6
(12... O-O $2 13. Bxh7+ $18) 13. Ba3 $16 (13. Bg5 Qd7 14. Rfc1 Ba5 $13 {
(0-1, 71) Karlik,J (2300)-Snorek,M (2195) Czechia, 2000.})) 3... Bb7 4. Bd3 f5
5. c4 ({Just to avoid the entire pin situation,} 5. O-O {was also possible.})
5... Bb4+ {Diagram [#]} 6. Nc3 {Purposefully putting the knight under the pin
was unnecessary.} (6. Bd2 {Black has a couple of choices now:} Be7 (6... Bd6 7.
Nc3 Nf6 8. O-O O-O) (6... Bxd2+ 7. Nbxd2 Nf6 8. O-O O-O 9. b4) 7. O-O Nf6 8.
Nc3 O-O 9. Re1 Ne4 10. d5 $5) 6... Nf6 7. a3 {Unnecessary, since Black will
take on c3 in most cases anyway.} (7. O-O Bxc3 8. bxc3 Ne4 9. Qc2 O-O {and we
have the game with an extra tempo.}) 7... Bxc3+ 8. bxc3 Ne4 9. Qc2 O-O 10. O-O
{Diagram [#]} d6 ({I was slightly worried about Black attempting an attack on
the kingside. However, this fear was likely unfounded.} 10... Rf6 11. Ne1 Rh6 {
The correct continuation would have been:} 12. g3 $1 ({During the game I was
calculating} 12. f3 {however after} Qh4 {White faces some problems. The
computer gives} 13. g4 $1 {as the only move with equality.} (13. g3 $2 Nxg3 14.
hxg3 Qh1+ $19) (13. h3 Ng5 $17)) 12... Ng5 (12... Qg5 $2 13. f3 Nxg3 14. Qg2
$16) 13. f3) 11. Nd2 ({The other possibility was} 11. Ne1 Qh4 12. f3 Nf6 13. e4
(13. g3 Qh5) 13... fxe4 14. fxe4 Nxe4 $4 ({editor -} 14... Bxe4 $142 $1 $15)
15. Rxf8+ Kxf8 16. Nf3 Qg4 17. h3 Qg6 18. Ng5 $18 d5 19. cxd5 exd5 20. c4 $18)
11... Qh4 12. f3 Nxd2 13. Bxd2 c5 14. d5 (14. e4 f4 15. a4 (15. d5 e5 16. a4
Nd7 {and black is very solid.}) 15... Nd7 16. a5 {This might have also offered
some chances.}) 14... Nd7 15. f4 Qe7 16. e4 fxe4 17. Bxe4 Nf6 18. Rae1 {
Diagram [#]} Qd8 ({Black could have also considered} 18... Nxe4 19. Qxe4 (19.
Rxe4 Bc8 (19... Rf6 20. f5) 20. dxe6 (20. Rfe1 e5 $13) 20... Bxe6 21. Rfe1 {
but Black has this trick} Bf5 $1 22. Rxe7 Bxc2 23. Kf2 Bd3 24. Rd7 Bf5 (24...
Bxc4 25. Ree7 Rf7 $11) 25. Rxd6 Rfd8 {most likely heading into a draw}) 19...
e5 20. fxe5 Rxf1+ 21. Kxf1 Rf8+ 22. Kg1 Qf7 23. Be3 dxe5 24. Qxe5 {white is up
a pawn, but the position is still fairly unclear.}) 19. Bf3 (19. dxe6 $5 {
this exchange sacrifice would have been very interesting. Unfortunately I only
had about 20 minutes at this point, and I decided to not calculate the line
and try to play it safe.} Bxe4 20. Rxe4 Nxe4 21. Qxe4 {Analysis Diagram [#]}
Qf6 (21... Qe7 22. f5 Rae8 (22... h6 $4 23. f6 gxf6 (23... Rxf6 24. Qxa8+ $18)
24. Bxh6 $18) 23. Be1 Qg5 24. Bh4 Qh6 $18 {black is paralyzed.}) {depending on
my mood, I may have considered} 22. g4 $5 (22. f5 {also very logical}) 22...
Qh4 23. f5 $13 {with an interesting game at least.}) 19... exd5 20. cxd5 c4 {
After this move I thought my d5 pawn was dropping for sure.} 21. Qf5 Kh8 22.
Bc1 Qc7 23. Qg5 {Diagram [#]} Rae8 ({Not sure why my opponent did not try to
capture the pawn.} 23... h6 24. Qh4 Bxd5 (24... Nxd5 $6 25. f5 Rae8 26. Bxh6
gxh6 27. Rxe8 Rxe8 28. Qxh6+ Qh7 29. Qxd6 Qf7 $14 {with lots of play for white.
}) 25. Bxd5 Qc5+ 26. Be3 Qxd5 27. Bd4 Kg8 28. Re7 Rf7 29. Rxf7 Qxf7 $15) 24.
Rd1 h6 ({editor -} 24... Qc5+ $1 25. Kh1 Qa5 {going after White's queenside
pawns.}) 25. Qh4 Qc5+ 26. Qf2 Qxf2+ 27. Rxf2 Re7 28. a4 Rfe8 29. Ba3 Rd8 30.
Rd4 Re3 31. Bb2 Kg8 32. Rfd2 Ba6 33. Re2 Rde8 34. Kf1 Kf7 35. Kf2 Rxe2+ 36.
Bxe2 {Diagram [#]} Rc8 $2 ({The engine simply suggests} 36... Ne4+ 37. Kf3 Nc5
38. Bxc4 Bxc4 39. Rxc4 Re1 40. Ba3 {likely due to the fact white's rook is not
accomplishing much on c4.} Rf1+ 41. Ke2 Rg1 42. Bxc5 bxc5 43. Kf2 Rd1 $11 {
and the d-pawn also drops.}) 37. Ba3 $1 Ke7 38. g4 Rf8 39. Kg3 {Diagram [#]}
Re8 $2 {My opponent sort of self-destructed with this move. Nevertheless,
white's position was looking pretty good.} (39... g5 {just to stop g5 by white,
is still much better for me.} 40. h4 gxh4+ 41. Kxh4 Kd7 42. Bxc4 Bxc4 43. Rxc4
$18) 40. g5 $1 {White is winning, and I was really disappointed with myself
for not being able to win this endgame.} hxg5 41. fxg5 Nh7 42. h4 Kd8 43. Kf3 (
{editor -} 43. Bg4 $1 {giving up the Pc3 to activate the B and threatening
both d6 and Rf4-f7.}) 43... Rf8+ 44. Kg2 {Playing to keep the Black R out, but
in the long run my king would have done better closer to the opponent's camp.}
(44. Kg4 $1 {If} Bc8+ 45. Kg3 Ba6 46. Bxd6 {I could consider simply taking
this pawn.} Re8 47. Kf2 Bb7 $18) 44... Re8 {Diagram [#]} 45. Bxc4 $6 {In
hindsight, exchanging pieces was not the best idea, because the minor piece
endgame provided some trouble. editor - ?? Black's minors were both bad while
White had the B-pair on an open board with pawns on both sides and a potential
passed pawn on the h-file. So, although it wins a pawn, Stockfish rates this
capture as reducing White's advantage by 1.6 pawns.} ({A possibility was} 45.
Bh5 Re3 46. Bxd6 Rxc3 47. Bg6 (47. Rf4 Kd7 48. Be5 $18) 47... Kd7 48. Be5 Nf8
49. Bf5+ $18) 45... Bxc4 46. Rxc4 Re5 47. Rc6 Rxd5 48. Rxd6+ Rxd6 49. Bxd6 Kd7
50. Ba3 Ke6 51. Kf3 Kf5 {Diagram [#]} 52. c4 {I was running low on time again
around here.} (52. Bb4 g6 (52... Ke5 53. Kg4 g6 54. h5 Nxg5 55. Kxg5 $2 ({
editor -} 55. hxg6 $1 Ne6 56. Kh5 $18) 55... gxh5 56. Kxh5 Kd5 57. Kg4 Kc4 $11
{followed by a5 and the c-pawn drops}) 53. Kg3 Ke5 54. Kg4 Ke4 55. h5 gxh5+ 56.
Kxh5 Kf5 57. Be7 $18) 52... g6 53. Bb4 (53. c5 bxc5 54. Bxc5 a6 {Analysis
Diagram [#] editor - Black's N is stuck on the edge of the board and White's B
can lose tempi by moving along the a3-f8 diagonal, which strongly suggest that
White is winning. If Black's K backs up then White wins by bringing his K
across the board to attack the a-pawn, and playing h4-h5 to create a passed
pawn (supported by White's B) which Black's N cannot stop.  Black's saving
trick is to sac the N for the g and h-pawns and run his K to c8 (and then to
a8) to stop White's a-pawn.} {editor -} 55. Bb4 (55. Ke2 $2 Nxg5 $11) (55. Kg3
$2 Nxg5 (55... Ke5 56. Kg4 Ke4 57. h5 gxh5+ 58. Kxh5 Nxg5 59. Kxg5 Kd5 $11 {
due to the light squared promotion square.}) 56. hxg5 Kxg5 57. Kf3 Kf5 $11) (
55. Ke3 $2 Kg4 $1 $11 56. Be7 Kxh4 57. Kf4 Kh5 58. a5 Kh4 59. Kf3 Nxg5+ 60. Kf4
Kh5 61. Bxg5 $11 {stalemate.}) 55... Nxg5+ {This is the critical try, but it
doesn't work now: the White K and B can win the Black a-pawn and prevent
Black's K from getting to a8:} (55... Ke5 56. Ke3 Kf5 (56... Kd5 57. Kf4 $18 {
and h5 will come when ...gxh5 isn't a check.}) 57. Kd4 Kg4 58. Be1 $18 (58. Be7
$18)) 56. hxg5 Kxg5 57. Ke4 Kf6 58. Kd5 (58. Be1 {is another way to
demonstrate how White cuts off the Black K:} Ke6 59. Bg3 $8 Kd7 60. Kd5 $8 Kc8
61. Kc6 $8 a5 62. Bc7 g5 63. Be5 g4 64. Bc7 $22 $18) 58... g5 59. Kc6 Ke6 60.
a5 g4 61. Kb7 Kd7 62. Be1 Kd8 63. Kxa6 Kc8 64. Bg3 $18) 53... Ke5 54. Bc3+ Ke6
({Going for the c-pawn does not work:} 54... Kd6 55. Ke4 Kc5 56. Ke5 Kxc4 57.
Ba1 {Analysis Diagram [#]} Kd3 (57... Kb4 58. Ke6 Kxa4 59. Kf7 Kb3 60. Kxg6
Nf8+ 61. Kf7 Nd7 62. g6 $18) (57... Nf8 58. Kd6 Kb4 59. Ke7 $18) 58. Bb2 Nf8 (
58... Ke3 59. h5 Nxg5 60. hxg6 $18) 59. Kf6 Ke3 60. Kf7 Kf4 61. Kxf8 Kg4 62.
Kg7 $18) 55. Bg7 (55. Bd4 $142 Kf5 (55... Nf8 {does not work either} 56. c5 $1
Nd7 (56... bxc5 57. Bxc5 {forks Pa7 and Nf8.}) (56... Kd5 57. cxb6 $18) 57. c6
$18) 56. Bg7 (56. c5 bxc5 57. Bxc5 a6 58. Ba3 {A breakthrough in this position
would be difficult.}) 56... Ke6 (56... a6 57. Ke3 Kg4 58. a5 $3 $18) 57. Ke4 a6
58. Kf4 Kd6 59. Bb2 Kc5 (59... Ke6 60. Ba3 $18 {and black gets in zugzwang.}) (
59... Kc6 60. Ba3 Kd7 61. Ke5 $18) 60. h5 Nxg5 61. hxg6 $1 $18) 55... Kf5 56.
Bh6 Ke5 57. Kg4 Ke4 (57... Kd4 58. Kf4 Kxc4 59. Ke5 $18 Kb4 60. h5 Nxg5 61.
hxg6) 58. Bg7 a5 59. Bf6 Nf8 {Diagram [#]} 60. Be7 $4 ({I cannot remember why
I did not play this obvious move} 60. Bd8 $1 $18 Nd7 (60... Ne6 61. Bxb6 Kd3 (
61... Ng7 62. Bxa5 $18) 62. c5 $18) 61. h5 Ne5+ (61... gxh5+ 62. Kxh5) 62. Kh4
Nf3+ 63. Kg3 gxh5 64. g6 Nd4 65. Kh4 Ne6 66. Bxb6 Kf5 67. Bxa5 Kxg6 68. Bb6 $18
) 60... Ne6 61. h5 gxh5+ 62. Kxh5 Nxg5 63. Bd8 Kd4 64. Bxb6+ Kxc4 65. Bxa5 Kb3
{I was extremely upset after this game, and the following round I lost to the
bronze medallist. I never quite managed to recover, and ended the tournament
three rounds later with 7/11.} 1/2-1/2

[Event "WYCC U14"]
[Site "Porto Carras"]
[Date "2015.11.02"]
[Round "8"]
[White "Chen, Richard"]
[Black "Shevchenko, Kirill"]
[Result "1-0"]
[WhiteElo "2117"]
[BlackElo "2359"]
[Annotator "John Upper"]
[PlyCount "87"]
[EventDate "2015.10.26"]
[EventType "swiss"]
[EventRounds "11"]
[EventCountry "GRE"]
[SourceTitle "Chess Canada - Ketchup 1"]
[SourceDate "2017.03.23"]

{Richard's opponent is an FM from Ukraine. He finished 6th overall, losing
only two games: one to Sergei Lobanov (who we saw in the previous game) and
this one.} 1. e4 c5 2. Nf3 d6 3. Bb5+ Nd7 4. d4 cxd4 5. Qxd4 a6 6. Bxd7+ Bxd7 {
Diagram [#] White has given up the B pair in return for a lead in development,
and has options about how to develop, but Black seems to be fine on all lines.}
7. Nc3 (7. Bg5 $5 {stops ...e5, but} h6 8. Bh4 Qa5+ 9. Nc3 e5 {has scored well
for Black; e.g.} 10. Qd3 g5 11. Bg3 $13 {(0-1, 39) Sutovsky,E (2666)-Papa,S 
(2399) Geneve, 2004; and (0-1, 48) Guliev,L (2412)-Korobov,A (2705) Baku, 2012.
}) (7. c4 $5 {aims for a Maroczy type bind where White has traded his "bad"
light-squared B before it gets stuck behind pawns on c4 and e4; but Black can
break the bind before it gets started with:} e5 (7... Nf6 8. Bg5 e6 9. Nc3 Be7
10. O-O Bc6 11. Qd3 O-O 12. Nd4 Rc8 13. b3 {White's space advantage looks like
it ought to be worth something, but Black held in Carlsen,M (2870)-Anand,V 
(2775) WCh g10, Chennai, 2013 (½-½, 65).}) 8. Qd3 b5 $1 9. Nc3 bxc4 10. Qxc4
Be6 $11 {(½-½, 59) Carlsen,M (2868)-Anand,V (2783) Stavanger, 2013.}) 7...
Rc8 8. O-O e5 {Diagram [#]} 9. Qb4 $5 (9. Qd3 h6 10. Be3 Nf6 11. a4 (11. Nd2 $5
) 11... Be7 12. a5 Be6 13. Rfd1 O-O {by 1930s standards, White's control over
d5 and pressure on d6 would be deemed nearly winning; but decades of Najdorf
experience show that it is acually White (who has no simple way to improve the
position) is actually in danger here, and Black -- with the B pair and play on
the c-file -- is the one who can be optimistic about this middlegame; e.g. 
(0-1, 48) Spasov,V (2621)-Volokitin,A (2661) Baile Herculane, 2010.}) 9... Bc6
10. Be3 Be7 11. Rfd1 Qc7 12. Nd5 $146 (12. Bb6 Qd7 13. Qb3 Qe6 14. Nd5 Bxd5 15.
exd5 Qd7 $11 {(½-½, 94) Hendriks,W (2407)-Baklan,V (2634) Germany, 2014.})
12... Bxd5 13. exd5 Nf6 14. Rac1 b5 15. c4 $1 {Diagram [#]} Qb7 (15... bxc4 16.
Qa4+ Qd7 17. Rxc4 {might give White some queenside play.}) 16. Bg5 O-O 17. Bxf6
Bxf6 18. b3 Qd7 19. h3 h6 20. cxb5 axb5 21. Rc6 Rxc6 22. dxc6 Qxc6 23. Qxd6 Qc2
{Diagram [#]} 24. Qd2 Qc7 {Black was 200+ points higher rated, and may have
figured that keeping the pieces on was his best chance.} 25. Rc1 Qb7 26. Qe2
$11 e4 27. Nd2 Re8 {Diagram [#]Critical Position This position is equal:
Black's b and e-pawns are possible targets, but the B is better than the N
which has no useful squares supported by pawns. White now goes after the Pb5,
trying to get it to advance and concede the c4 square.} 28. Rc5 $2 (28. Nf1
$142 $11) 28... Bd4 $2 (28... e3 $3 $15 {This pseudo-pawn sac turns the game
around.} 29. Nf3 $1 (29. Rxb5 $4 exf2+ 30. Kf1 (30. Qxf2 {drops the Rb5.})
30... Rxe2 31. Rxb7 Rxd2 $19) (29. fxe3 $2 Bd4 $1 $19 {this is the main
tactical point of ...e3. It's easy to find... if you already know that ...e3
is a good move.} 30. Rxb5 Rxe3 $8 31. Qc4 Re2+ 32. Qxd4 Qxg2#) 29... exf2+ 30.
Qxf2 b4 $15 {with the better minor piece, pawn structure, and king safety.})
29. Rxb5 $16 (29. Qxb5 $2 Qxb5 30. Rxb5 e3 $1 $19 31. Nf3 (31. Nf1 e2 $19) (31.
fxe3 Bxe3+ 32. Kf1 Bxd2 $19) 31... e2 32. Ne1 Bc3 $19) 29... Qc6 (29... Qa6 30.
Nf1 $16 {and Black can't exploit the pin on the Rb5 without taking a tempo to
avoid Rb8+.}) 30. Nf1 $8 Re6 31. Rb4 Qd6 32. Rc4 Qe5 33. Ne3 {Diagram [#]} Bc5
$2 ({The general rule is not to trade pieces when you're down pawns, but here
the trade would give Black very good drawing chances based on the exposed
White K in a 4 major piece ending.} 33... Bxe3 $1 34. fxe3 (34. Qxe3 Qa1+ 35.
Kh2 Qxa2 $14 {is probably White's best try.}) 34... Qa1+ 35. Kh2 (35. Qf1 Qxa2
36. Rc8+ Kh7 37. Qxf7 Qxb3 {White is nominally better, but only Carlsen would
win this.}) 35... Qe5+ 36. g3 Rf6 $11 {with enough activity to draw.}) 34. b4
Bd6 35. g3 h5 36. Rc8+ Bf8 37. Qc4 h4 38. Qc5 $1 {Diagram [#]The Q exchange
leaves Black with no chance.} Qxc5 39. bxc5 hxg3 40. fxg3 Ra6 41. c6 g6 42. c7
Rc6 43. Nd5 Kg7 44. Rd8 1-0

[Event "WYCC U12"]
[Site "Porto Carras"]
[Date "2015.11.02"]
[Round "8"]
[White "Keymer, Vincent"]
[Black "Vettese, Nicholas"]
[Result "1-0"]
[WhiteElo "2347"]
[BlackElo "2046"]
[Annotator "John Upper"]
[PlyCount "95"]
[EventDate "2015.10.26"]
[EventType "swiss"]
[EventRounds "11"]
[EventCountry "GRE"]
[SourceTitle "Chess Canada - Ketchup 1"]
[SourceDate "2017.03.23"]

1. d4 {Vincent Keymer is the current top-hope for the next generation of
German chess fans, and has been featured on the ChessBase website, showing
photos of him studying with Kasparov.} Nf6 2. c4 e6 3. Nf3 Bb4+ 4. Nbd2 {
The principled move against the Bogo-Indian: aiming to get the B-pair without
making any structural concessions, or falling behind in development as in the
Qc2 Nimzo-Indian.} O-O 5. a3 {Diagram [#]} Bxd2+ (5... Be7 6. e4 {with about
1000 games in the database this is far more common. Black has a choice about
contesting the center with the sharp ...d5 or the clogging ...d6:} d5 (6... d6
7. Bd3 c5 8. d5 Nbd7 9. O-O e5 10. b4 a5 11. bxa5 Rxa5 12. Nb3 Ra6 13. a4 Nh5
14. g3 g6 15. Ne1 Ng7 16. Ng2 {with something resembling a bayonette attack
against an Old Indian -- a KID with Be7 rather than Bg7; see (0-1, 34) Vachier
Lagrave,M (2789)-Carlsen,M (2855) Leuven (blitz), 2016.}) 7. e5 (7. cxd5 exd5
8. e5 Nfd7 9. Bd3 c5 10. O-O Nc6 11. Re1 $13 {(½-½, 43) Nyzhnyk,I (2535)
-Bluvshtein,M (2587) Groningen, 2010.}) 7... Nfd7 8. Bd3 c5 9. Qc2 (9. h4 $5
$40 cxd4 $2 10. Bxh7+ $1 $18 {(1-0, 31) Navara,D (2700)-Dzagnidze,N (2546)
Yerevan, 2014.}) 9... h6 10. O-O Nc6 $13 {was played twice in the knock-out
match between Vachier Lagrave,M (2744)-Tomashevsky,E (2758) Baku, 2015.}) 6.
Qxd2 (6. Bxd2 {is also possble; e.g.} b6 7. Bg5 Bb7 {but developing the B to
b2 ensures Black can't trade it off for one of his Ns.}) 6... d6 7. e3 Nbd7 {
Diagram [#]} 8. b4 (8. Be2 e5 9. Qc2 Qe7 10. O-O Re8 11. b4 e4 12. Nd2 Nf8 13.
d5 Bg4 $5 14. Nb3 (14. Bxg4 Nxg4 15. h3 Nf6 16. Bb2 N8d7 $14 {with more space
and an eventual queenside break.}) 14... Ng6 15. Nd4 Bxe2 16. Qxe2 Qe5 (16...
Nd7 $1 {[%cal Gd7e5]} 17. Bb2 Nh4 18. Qg4 Ne5 19. Qxe4 Nef3+ 20. gxf3 Qg5+ 21.
Qg4 Nxf3+) 17. Kh1 b5 $2 18. cxb5 Qxd5 19. Bb2 {and White had strong queenside
pressure in Shankland,S (2632)-Yam,A (2299) Edmonton, 2014 (1-0, 41).}) 8... e5
9. dxe5 dxe5 10. Bb2 {Diagram [#]} e4 (10... Qe7 11. Be2 b6 12. Qc3 Re8 13. Rd1
(13. O-O c5 14. Nd2 Bb7 15. f3 a5 16. b5 Nf8 17. Rfd1 $14 {(1-0, 32) Kozul,Z 
(2610)-Winants,L (2524) Dresden, 2007.}) 13... Bb7 14. O-O Rad8 15. Nd2 Nf8 16.
f3 N6d7 17. Bd3 f6 18. Qc2 c5 19. Bc3 h6 20. Ne4 f5 21. Ng3 g6 22. Qb2 (22.
Bxf5 $1 gxf5 23. Nxf5 $36) 22... h5 {(1-0, 37) Keymer,V (2342)-Fuellgrabe,T 
(2244) Saarbrücken, 2015.}) 11. Nd4 Ne5 12. h3 $1 {Stopping the B trade that
happenend in Shankland-Yam.} (12. Be2 $6 Bg4 $1) 12... Qe7 13. Qc3 Re8 14. Rd1
$14 Bd7 15. Be2 (15. Nb5 $14) 15... c5 $1 {Diagram [#]} 16. bxc5 Qxc5 17. O-O
Rac8 18. Rc1 Qe7 $6 (18... Ng6 $142 $1 {lets Black keep the Qs on, which makes
the e4-pawn a useful attacking asset; e.g.} 19. Qb4 $140 (19. Nb5 $6 Nh4 $1 $36
) 19... Qg5 $132) 19. Qb4 $1 {Diagram [#]A queen trade eliminates a Black
defender of the dark squares, making White's unopposed B stronger.} Nd3 $5 {
A tough decision, sacing the pawn to get rid of the B pair. White is going to
be better either way: in the middlegame with even material but extra space and
the Bs, or in the endgame with an extra pawn but with opposite Bs.  White
proves he's up to the task in the endgame.} (19... Qxb4 20. axb4 $16 {White
has the B pair and might be able to target the queenside pawns with b4-b5, Nb3
and Bd4.}) (19... b6 20. Rfd1 {and Black is struggling to find any good moves;
e.g.} h6 21. Qxe7 Rxe7 22. Nb5 Bxb5 23. cxb5 Rxc1 24. Rxc1 Ne8 $16 (24... Nd3
25. Bxd3 exd3 26. Rd1 Rd7 27. Bd4 {and White wins the pawn anyway.})) 20. Bxd3
exd3 21. Qxe7 Rxe7 22. Rfd1 Ne4 23. Rxd3 Nc5 24. Rdd1 a6 {Diagram [#]White is
up a pawn for free. White's purposeful play through the rest of the game
"makes a strong impression", as the Soviet analysis used to say.} 25. g4 g6 (
25... Ba4 26. Nf5 $1 $16) 26. Ne2 Ba4 27. Rd6 Rd7 28. Rxd7 Nxd7 29. Bd4 b6 (
29... Bb3 30. c5 Bd5 31. Nc3 Bc6 {is another way to try to hold.}) 30. Rc3 Kf8
31. f3 Bc6 32. Kf2 Bb7 33. Nf4 {Diagram [#]} b5 $6 (33... a5 $5 34. Ke2 Ba6 35.
Kd3 $16) 34. c5 Ke7 35. e4 a5 36. h4 Bc6 37. Ke3 Bb7 (37... h6 {stops White
from opening the h-file, but it leaves the h6-pawn weak and concedes the f5
square after} 38. h5 $1) 38. g5 Bc6 39. Nd3 {Diagram [#]Black has almost no
moves. White has his minors on their best squares and now can activate his R.}
Bb7 40. Rc1 Ke6 41. h5 Ba8 42. Rh1 Ke7 43. hxg6 hxg6 44. Rh7 Bb7 45. f4 Rg8 46.
Bc3 $1 a4 {Diagram [#]} 47. Bf6+ $1 Ke8 (47... Nxf6 48. gxf6+ Kxf6 49. Ne5 {
and there's no good way to defend f7.}) 48. Rh2 {White wins with either Rb2 or
Rd2. A smooth perfomance by White against steady defence by Black.} 1-0